<?xml version="1.0" encoding="UTF-8"?>
<record
    xmlns:xsi="http://www.w3.org/2001/XMLSchema-instance"
    xsi:schemaLocation="http://www.loc.gov/MARC21/slim http://www.loc.gov/standards/marcxml/schema/MARC21slim.xsd"
    xmlns="http://www.loc.gov/MARC21/slim">

  <leader>01985nam a2200349   4500</leader>
  <controlfield tag="001">113537</controlfield>
  <controlfield tag="003">DR-UNIBE</controlfield>
  <controlfield tag="005">20260218163318.0</controlfield>
  <controlfield tag="008">250502b2022    dr ||||| |||| 00| 0 spa d</controlfield>
  <datafield tag="020" ind1=" " ind2=" ">
    <subfield code="a">9789945643466 (impreso)</subfield>
  </datafield>
  <datafield tag="020" ind1=" " ind2=" ">
    <subfield code="a">9789945643480 (electr&#xF3;nico)</subfield>
  </datafield>
  <datafield tag="040" ind1=" " ind2=" ">
    <subfield code="a">BIBLIOTECA UNIBE</subfield>
    <subfield code="b">spa</subfield>
    <subfield code="c">BIBLIOTECA UNIBE</subfield>
  </datafield>
  <datafield tag="041" ind1=" " ind2=" ">
    <subfield code="a">spa</subfield>
  </datafield>
  <datafield tag="082" ind1=" " ind2=" ">
    <subfield code="2">22</subfield>
    <subfield code="a">RD 364.6 T231j 2022</subfield>
  </datafield>
  <datafield tag="100" ind1=" " ind2=" ">
    <subfield code="a">Tav&#xE1;rez Justo, Manuel Aurelio (Manolo),  </subfield>
    <subfield code="d">1931-1963</subfield>
    <subfield code="e">autor</subfield>
    <subfield code="9">162915</subfield>
  </datafield>
  <datafield tag="245" ind1="1" ind2="0">
    <subfield code="a">Justicia y castigo :</subfield>
    <subfield code="b">consideraciones sobre la evoluci&#xF3;n hist&#xF3;rica de los sistemas penales /</subfield>
    <subfield code="c">Manuel Aurelio Tav&#xE1;rez Justo</subfield>
  </datafield>
  <datafield tag="250" ind1=" " ind2=" ">
    <subfield code="a">Primera edici&#xF3;n</subfield>
  </datafield>
  <datafield tag="260" ind1=" " ind2=" ">
    <subfield code="a">Santo Domingo :</subfield>
    <subfield code="b">Tribunal Constitucional. Centro de Estudios Constitucionales,</subfield>
    <subfield code="c">2022</subfield>
  </datafield>
  <datafield tag="300" ind1=" " ind2=" ">
    <subfield code="a">xx, 79 p&#xE1;ginas ;</subfield>
    <subfield code="c">24 cm</subfield>
  </datafield>
  <datafield tag="490" ind1=" " ind2=" ">
    <subfield code="a">Cl&#xE1;sicos de derecho constitucional</subfield>
  </datafield>
  <datafield tag="504" ind1=" " ind2=" ">
    <subfield code="a">Incluye referencias bibliogr&#xE1;ficas (p&#xE1;gina: 79) e &#xED;ndice</subfield>
  </datafield>
  <datafield tag="505" ind1="0" ind2=" ">
    <subfield code="a">Palabras del Magistrado presidente Dr. Milton Ray Guevara |
Manolo Tav&#xE1;rez Justo: el penalista que nos arrebataron |
Justicia y castigo. Introducci&#xF3;n |
CAP&#xCD;TULO I. DERECHO PENAL ANTIGUO |
Secci&#xF3;n I. Historia de los or&#xED;genes del derecho penal |
Los f&#xF3;siles jur&#xED;dicos |
Secci&#xF3;n II. Consideraciones sobre la evoluci&#xF3;n |
CAP&#xCD;TULO II. CONSIDERACIONES SOBRE LA EVOLUCI&#xD3;N HIST&#xD3;RICA DE LOS SISTEMAS PENALES |
Secci&#xF3;n I. El derecho moderno. Derecho penal cl&#xE1;sico |
Secci&#xF3;n II. Derecho penal positivista |
El delincuente. Evoluci&#xF3;n de estos conceptos |
Instituciones penitenciarias |
 Conclusiones |
 Bibliograf&#xED;a 
</subfield>
  </datafield>
  <datafield tag="650" ind1=" " ind2="7">
    <subfield code="2">lemb</subfield>
    <subfield code="a">Derecho penal</subfield>
  </datafield>
  <datafield tag="650" ind1=" " ind2="7">
    <subfield code="2">lemb</subfield>
    <subfield code="a">Procedimiento penal</subfield>
  </datafield>
  <datafield tag="650" ind1=" " ind2="7">
    <subfield code="2">lemb</subfield>
    <subfield code="a">Penas</subfield>
  </datafield>
  <datafield tag="650" ind1=" " ind2="7">
    <subfield code="2">lemb</subfield>
    <subfield code="a">Filosof&#xED;a del derecho penal</subfield>
    <subfield code="9">143635</subfield>
  </datafield>
  <datafield tag="700" ind1="1" ind2=" ">
    <subfield code="a">Tav&#xE1;rez Mirabal, Minou,</subfield>
    <subfield code="d">1956-</subfield>
    <subfield code="9">49124</subfield>
  </datafield>
  <datafield tag="700" ind1="1" ind2=" ">
    <subfield code="a">Ray Guevara, Milton,</subfield>
    <subfield code="d">1948-</subfield>
    <subfield code="e">presentaci&#xF3;n</subfield>
    <subfield code="9">154714</subfield>
  </datafield>
  <datafield tag="700" ind1="1" ind2=" ">
    <subfield code="a">Casado, Yissel</subfield>
    <subfield code="e">diagramaci&#xF3;n</subfield>
    <subfield code="9">55534</subfield>
  </datafield>
  <datafield tag="700" ind1="1" ind2=" ">
    <subfield code="a">Read, Enrique</subfield>
    <subfield code="e">dise&#xF1;o de portada</subfield>
    <subfield code="9">148123</subfield>
  </datafield>
  <datafield tag="942" ind1=" " ind2=" ">
    <subfield code="2">ddc</subfield>
    <subfield code="c">BK</subfield>
  </datafield>
  <datafield tag="999" ind1=" " ind2=" ">
    <subfield code="c">113537</subfield>
    <subfield code="d">113537</subfield>
  </datafield>
  <datafield tag="952" ind1=" " ind2=" ">
    <subfield code="0">0</subfield>
    <subfield code="1">0</subfield>
    <subfield code="2">ddc</subfield>
    <subfield code="7">0</subfield>
    <subfield code="8">GEN-RD</subfield>
    <subfield code="a">Principal</subfield>
    <subfield code="d">2025-03-03</subfield>
    <subfield code="l">0</subfield>
    <subfield code="o">RD 364.6 T231j 2022</subfield>
    <subfield code="p">250294</subfield>
    <subfield code="r">2025-05-02 14:39:11</subfield>
    <subfield code="t">Ej. 1</subfield>
    <subfield code="w">2025-05-02</subfield>
    <subfield code="y">BK</subfield>
  </datafield>
</record>
